000 00751pab a2200157 454500
008 180718b2005 xxu||||| |||| 00| 0 eng d
100 _aDutta, Sujoy
245 _aAgainst all odds
260 _c2005
300 _ap.26-29.
362 _aDec
520 _aThis article spotlights the long journey of Indian women form being restricted to the four walls of their houses to the topmost positions in every field. It talks of their power and self belief with which they can rise, fly and break any barriers or cross any boundaries. Truly, they deserve their present status and are undoubtedly here to stay. The time is not far off when women will surpass men in every aspect. -Reproduced.
650 _aWomen
773 _aGlobal CEO
909 _a67895
999 _c67895
_d67895